Boletín de estadísticas laborales (Registro nro. 8496)

Detalles MARC
000 -LEADER
fixed length control field 00991nas a2200253 454500
001 - CONTROL NUMBER
control field 17402
005 - DATE AND TIME OF LATEST TRANSACTION
control field 20260407193505.0
008 - FIXED-LENGTH DATA ELEMENTS--GENERAL INFORMATION
fixed length control field 260407s1995####ag###########|||spa#d
003 - CONTROL NUMBER IDENTIFIER
control field AR-UNSa-BCEJYS
040 ## - CATALOGING SOURCE
Original cataloging agency AR-UNSa-BCEJYS
Language of cataloging spa
Transcribing agency AR-UNSa-BCEJYS
080 ## - UNIVERSAL DECIMAL CLASSIFICATION NUMBER
Universal Decimal Classification number 331.5
Common auxiliary subdivision Mercado de Trabajo. Empleo
041 ## - LANGUAGE CODE
Language code of text/sound track or separate title spa
100 1# - MAIN ENTRY--PERSONAL NAME
Personal name Argentina. Ministerio de Trabajo y Seguridad Social (MTSS)
245 10 - TITLE STATEMENT
Title Boletín de estadísticas laborales
264 #1 - PRODUCTION, PUBLICATION, DISTRIBUTION, MANUFACTURE, AND COPYRIGHT NOTICE
Place of production, publication, distribution, manufacture Buenos Aires :
Name of producer, publisher, distributor, manufacturer MTSS (Ministerio de Trabajo y Seguridad Social)
Date of production, publication, distribution, manufacture, or copyright notice 1995
310 ## - CURRENT PUBLICATION FREQUENCY
Current publication frequency Frecuencia: Semestral
505 ## - FORMATTED CONTENTS NOTE
Formatted contents note 1. Empleo - 2. Políticas de empleo - 3. Renumeraciones - 4. Negociación colectiva - 5. Asociaciones sindicales - 6. Siniestralidad laboral
590 ## - LOCAL NOTE (RLIN)
Local note niveau_biblio:s niveau_hierar:1
650 ## - SUBJECT ADDED ENTRY--TOPICAL TERM
Topical term or geographic name entry element Desempleo
650 ## - SUBJECT ADDED ENTRY--TOPICAL TERM
Topical term or geographic name entry element Seguridad social
650 ## - SUBJECT ADDED ENTRY--TOPICAL TERM
Topical term or geographic name entry element Empleo
856 41 - ELECTRONIC LOCATION AND ACCESS
Uniform Resource Identifier <a href="https://biblioeco.unsa.edu.ar/pmb/images/revistas/Bolet?n de Estad?sticas Laborales.jpg">https://biblioeco.unsa.edu.ar/pmb/images/revistas/Bolet?n de Estad?sticas Laborales.jpg</a>
Link text Imagen de portada
Electronic format type image/jpeg
942 ## - ADDED ENTRY ELEMENTS (KOHA)
Koha item type
Existencias
Withdrawn status Lost status Damaged status Not for loan Home library Current library Shelving location Date acquired Serial enumeration / chronology Total checkouts Full call number Barcode Date last seen Price effective from Koha item type
        Biblioteca Prof. Eusebio Cleto del Rey Biblioteca Prof. Eusebio Cleto del Rey   01/07/1995 Nº 2 - jul. 1995   H331.5 LAB 2.1995 R08420 10/04/2026 10/04/2026 Numero
        Biblioteca Prof. Eusebio Cleto del Rey Biblioteca Prof. Eusebio Cleto del Rey   01/07/1995 Nº 2 - jul. 1995   H331.5 LAB 2.1995 Ej.2 R08421 10/04/2026 10/04/2026 Numero
        Biblioteca Prof. Eusebio Cleto del Rey Biblioteca Prof. Eusebio Cleto del Rey   01/07/1995 Nº 2 - jul. 1995   H331.5 LAB 2.1995 Ej.3 R08422 10/04/2026 10/04/2026 Numero
        Biblioteca Prof. Eusebio Cleto del Rey Biblioteca Prof. Eusebio Cleto del Rey   01/07/1995 Nº 2 - jul. 1995   H331.5 LAB 2.1995 Ej.4 R08423 10/04/2026 10/04/2026 Numero
        Biblioteca Prof. Eusebio Cleto del Rey Biblioteca Prof. Eusebio Cleto del Rey   01/07/1995 Nº 2 - jul. 1995   H331.5 LAB 2.1995 Ej.5 R08424 10/04/2026 10/04/2026 Numero